| 000 | 00682nam a2200253Ia 4500 | ||
|---|---|---|---|
| 001 | 942 | ||
| 003 | GE_BSU | ||
| 008 | 181216s||||||||xx |||||||||||||| ||und|| | ||
| 040 | _cGE_BSU | ||
| 080 | _a159.9.992(075.8) | ||
| 100 | _aКрайг,Грайс; Бокум,Дон | ||
| 245 | _aПсихология развития | ||
| 245 | _bСерия "Мастера психологии | ||
| 250 | _a9-е изд-е | ||
| 260 | _aСПБ | ||
| 260 | _bПитер | ||
| 260 | _c2007 | ||
| 300 | _a940стр. | ||
| 541 | _h30л. | ||
| 653 | _aПсихология | ||
| 653 | _aПсихология развития | ||
| 653 | _aფსიქოლოგია | ||
| 942 | _cBK | ||
| 999 |
_c35101 _d35101 |
||